Liberalismo político./ (Registro nro. 7828)
[ vista simple ]
| 000 -LEADER | |
|---|---|
| fixed length control field | 01147nam a2200205Ia 4500 |
| 005 - FECHA Y HORA DE LA ÚLTIMA TRANSACCIÓN | |
| control field | 20250708080916.0 |
| 008 - FIXED-LENGTH DATA ELEMENTS--GENERAL INFORMATION | |
| fixed length control field | 230417s9999 xx 000 0 und d |
| 040 ## - CATALOGING SOURCE | |
| Original cataloging agency | UPAN |
| Transcribing agency | Biblioteca San Vicente |
| Description conventions | RCAA2 |
| 041 ## - LANGUAGE CODE | |
| Language code of text/sound track or separate title | spa |
| 082 ## - DEWEY DECIMAL CLASSIFICATION NUMBER | |
| Classification number | 320.51 |
| Item number | R258l |
| año de publicación | 1996 |
| 100 ## - MAIN ENTRY--PERSONAL NAME | |
| Personal name | Rawls, John |
| Relator code | aut. |
| 245 #0 - TITLE STATEMENT | |
| Title | Liberalismo político./ |
| Statement of responsibility, etc | John Rawls |
| 250 ## - EDITION STATEMENT | |
| Edition statement | 2ª reimp |
| 260 ## - PUBLICATION, DISTRIBUTION, ETC. (IMPRINT) | |
| Place of publication, distribution, etc | Mexico: |
| Name of publisher, distributor, etc | Fodo de cultura economica, |
| Date of publication, distribution, etc | 1996 |
| 300 ## - PHYSICAL DESCRIPTION | |
| Extent | 359 p: |
| Dimensions | 22cm. |
| 505 ## - FORMATTED CONTENTS NOTE | |
| Formatted contents note | Primera Parte: Liberalismo político: Elementos básicos.<br/>Conferencia I. Ideas fundamentales.<br/>Conferencia II. Los poderes de los ciudadanos y su representación.<br/>Conferencia III. Constructivismo político.<br/><br/>Segunda Parte: Liberalismo político: Tres ideas fundamentales.<br/>Conferencia IV. La idea de un consenso traslapado.<br/>Conferencia V. Prioridad de lo justo e ideas del bien.<br/>Conferencia VI. La idea de la razón pública.<br/><br/>Tercera Parte: El marco institucional.<br/>Conferencia VII. La estructura básica como objeto.<br/>Conferencia VIII. Las libertades básicas y su propiedad. |
| 650 ## - SUBJECT ADDED ENTRY--TOPICAL TERM | |
| Source of heading or term | LEMB |
| Topical term or geographic name as entry element | Liberalismo |
| 650 ## - SUBJECT ADDED ENTRY--TOPICAL TERM | |
| Source of heading or term | LEMB |
| Topical term or geographic name as entry element | Ciencias Politicas |
| 9 (RLIN) | 4 |
| 942 ## - ADDED ENTRY ELEMENTS (KOHA) | |
| Koha item type | Libros |
| Source of classification or shelving scheme | Dewey Decimal Classification |
| Withdrawn status | Lost status | Source of classification or shelving scheme | Damaged status | Not for loan | Collection code | Home library | Current library | Date acquired | Total Checkouts | Full call number | Barcode | Date last seen | Price effective from | Koha item type | Copy number |
|---|---|---|---|---|---|---|---|---|---|---|---|---|---|---|---|
| Dewey Decimal Classification | Colección General | Biblioteca UPAN San Vicente | Biblioteca UPAN San Vicente | 17/04/2023 | 320.51 R258l | 12000348 | 17/04/2023 | 17/04/2023 | Libros | ||||||
| Dewey Decimal Classification | Colección General | Biblioteca UPAN San Vicente | Biblioteca UPAN San Vicente | 17/04/2023 | 320.51 R258l | 12000349 | 17/04/2023 | 17/04/2023 | Libros | 01 |